000 00238nam a22001217a 4500
003 SGT
082 _a340,ANT
100 _aANTHONY,M.
245 _aMATHEMATICS-1
260 _aLANDON
_bUNIVERSITY
_c2006
300 _a138
942 _2ddc
_cBK
999 _c11095
_d11095